DESPICABLE ME 3 : (Record no. 172008)

MARC details
000 -LEADER
fixed length control field 01399nam a22003497i 4500
003 - CONTROL NUMBER IDENTIFIER
control field PPAK
005 - DATE AND TIME OF LATEST TRANSACTION
control field 20190410124224.0
008 - FIXED-LENGTH DATA ELEMENTS--GENERAL INFORMATION
fixed length control field 190409s2017 nyufa||j |||| 00| 1 eng d
020 ## - INTERNATIONAL STANDARD BOOK NUMBER
International Standard Book Number 9780316507547
Terms of availability RM33.90
Qualifying information paperback
040 ## - CATALOGING SOURCE
Original cataloging agency PPAK
Language of cataloging eng
Transcribing agency PPAK
Description conventions rda
082 04 - DEWEY DECIMAL CLASSIFICATION NUMBER
Edition number 23
Classification number 823.92
090 00 - LOCALLY ASSIGNED LC-TYPE CALL NUMBER (OCLC); LOCAL CALL NUMBER (RLIN)
Classification number (OCLC) (R) ; Classification number, CALL (RLIN) (NR) 823.92
Feature heading CHE
Feature heading K
100 10 - MAIN ENTRY--PERSONAL NAME
Personal name Chesterfield, Sadie,
Relator term author.
245 10 - TITLE STATEMENT
Title DESPICABLE ME 3 :
Remainder of title The Junior Novel /
Statement of responsibility, etc. Adapted by Sadie Chesterfield
246 30 - VARYING FORM OF TITLE
Title proper/short title Despicable me three
250 ## - EDITION STATEMENT
Edition statement Firt edition
264 #1 - PRODUCTION, PUBLICATION, DISTRIBUTION, MANUFACTURE, AND COPYRIGHT NOTICE
Place of production, publication, distribution, manufacture New York :
Name of producer, publisher, distributor, manufacturer Little, Brown and Company,
Date of production, publication, distribution, manufacture, or copyright notice 2017
Date of production, publication, distribution, manufacture, or copyright notice ©2017
300 ## - PHYSICAL DESCRIPTION
Extent 133 pages, 8 unnumbered pages of plates :
Other physical details illustrations (chiefly colour) ;
Dimensions 19 cm.
336 ## - CONTENT TYPE
Source rdacontent
Content type term text
337 ## - MEDIA TYPE
Source rdamedia
Media type term unmediated
338 ## - CARRIER TYPE
Source rdacarrier
Carrier type term volume
500 ## - GENERAL NOTE
General note Based on the motion picture screenplay written by Cinco Paul and Ken Daurio."
520 ## - SUMMARY, ETC.
Summary, etc. When Gru goes up against supervillain Balthazar Bratt, he and Lucy lose their jobs at the Anti-Villain League. The adventure begins when Gru, Lucy, and the girls meet up with Gru's long-lost twin brother, Dru, in Freedonia.
650 10 - SUBJECT ADDED ENTRY--TOPICAL TERM
Topical term or geographic name entry element Twins
Form subdivision Juvenile fiction
Topical term or geographic name entry element Brothers
Form subdivision Juvenile fiction
Topical term or geographic name entry element Supervillains
Form subdivision Juvenile fiction
Topical term or geographic name entry element Children's stories
Form subdivision Juvenile fiction
655 7# - INDEX TERM--GENRE/FORM
Genre/form data or focus term Juvenile fiction
Genre/form data or focus term Adventure stories
942 ## - ADDED ENTRY ELEMENTS (KOHA)
Source of classification or shelving scheme Dewey Decimal Classification
Koha item type Book
Holdings
Withdrawn Not for loan Current library Shelving location Date acquired Total Checkouts Full call number Barcode Date last seen Date last checked out Koha item type Total Renewals
    Perpustakaan Alor Setar Pinjaman Kanak-kanak 21/04/2019 5 K 823.92 CHE A01598225 08/11/2020 08/09/2020 Book  
    Perpustakaan Alor Setar Pinjaman Kanak-kanak 21/04/2019 12 K 823.92 CHE A01598226 14/05/2026 27/04/2026 Book 1
    Perpustakaan Awam Sungai Petani Pinjaman Kanak-kanak 21/04/2019 17 K 823.92 CHE A01598227 16/06/2026 19/05/2026 Book 2
    Perpustakaan Jitra Pinjaman Kanak-kanak 21/04/2019 9 K 823.92 CHE A01598228 11/03/2026 07/03/2026 Book  
    Perpustakaan Langkawi Pinjaman Kanak-kanak 21/04/2019 3 K 823.92 CHE A01598229 20/02/2023 01/02/2023 Book